000 01419cam a22003615i 4500
001 17449748
003 EG-ScBUE
005 20250227095954.0
008 120831t2013 nyua f 001 0 eng d
020 _a9780071795357 (pbk)
020 _a0071795359 (pbk)
035 _a(OCoLC)ocn821610299
040 _aEG-ScBUE
_beng
_erda
_cEG-ScBUE
_dEG-ScBUE
082 0 4 _a516.24076
_bMOY
_222
100 1 _aMoyer, Robert E.‏,
_eauthor.
_941308
245 1 0 _aTrigonometry :
_bwith calculator-based solutions /
_cRobert E. Moyer, Ph.D., Associate Professor of Mathematics, Southwest Minnesota State University, Frank Ayres, Jr., Ph.D., Former Professor and Head, Department of Mathematics, Dickinson College.
246 3 3 _aSchaum’s outlines of trigonometry
250 _aFifth edition.
264 1 _aNew York :
_bMcGraw-Hill,
_c[2013]
264 4 _cc2013
300 _aviii, 201 pages :
_billustrations ;
_c28 cm.
336 _2rdacontent
_atext
_btxt
337 _aunmediated
_2rdamedia
_bn
338 _avolume
_bnc
_2rdacarrier
490 0 _aSchaum’s outline series
500 _aIncludes index.
500 _a618 Fully solved problems and 20 problems-solving videos online.
650 7 _aTrigonometry
_vProblems, exercises, etc.
_2BUEsh
_941309
653 _bENGELC
_cOctober2016
655 _vReading book
_934232
700 1 _aAyres, Frank,
_d1901-1994‏,
_eauthor.
_928291
942 _2ddc
_cBB
999 _c22444
_d22416